000 00492nam a22001817a 4500
005 20141201105916.0
010 _aENG-111302
020 _a9789382303398
_c100.00
035 _aEN-94834
037 _bDBAD/PUB
082 _aS
100 _aTashin Reza
245 _aLove is a necessary evil /
_cby Tashin Reza
260 _aKolkata
_bSmriti Publishers
_c2014
270 _aOasis CF-41, Sector I, Salt Lake City
_bKolkata
_e700009
300 _a80p.
_c21cm(pbk)
942 _2ddc
_cEN
_mTAS
_hS
999 _c90174
_d90174